00322nam a2200121Ia 4500003000400000005001700004008004100021020001500062040002100077100003500098245002100133260004600154OSt20240102065028.0170524s9999 xx 000 0 und d a8123004958 cIIMT UNIVERSITY  aSINGH- RAJESVAR PRASAD NARAYAN 0aBHARAT KE PAKSHI bN DELHI: SUCHANA AVAM PRASHARAN MANTRALYA